000 00506nam a2200169Ia 4500
003 IN-BaIIA
008 211028s9999 xx 000 0 eng d
040 _cIIA Library
080 _a517.3
_bWIL
100 _aWilliamson, Benjamin
_91715
245 3 _aAn elementary treatise on the integral calculus
_cBenjamin Williamson
260 _aLondon
_bLongmans, Green
_c1938
300 _axvii, 520p.
650 _aIntegral Calculus
_91716
650 _aMathematics
_982
942 _cBK
999 _c796
_d796